000 00803nam a2200205 a 4500
001 BRCA_2145
005 20190320203703.0
008 130808s1992----mx-#---###---#000-0#spa-#
050 4 _aF1391.P8
_b.L43 91
_c1992
100 1 _aPodesta Siri, Rossana
_96472
245 1 0 _aAnálisis de experiencias educativas en el medio indígena del Estado de Puebla
_cRossana Podesta Siri.
260 _aPuebla, México
_bGobierno del Estado de Puebla : Secretaría de Cultura : Comisión Puebla V Centenario
_c1992
300 _a16 p.
_c21 cm.
440 0 _aLecturas Históricas de Puebla
_n91
_96473
650 1 4 _aIndígenas de México
_xEducación
_zPuebla
_96474
651 4 _aPuebla (México)
_xHistoria
_9409
651 4 _aPuebla (México)
_xVida social y costumbres
_9408
653 0 _aVida cotidiana
942 _2lcc
_cB
999 _c1902
_d1902